| 000 | 00525nam a2200145 a 4500 | ||
|---|---|---|---|
| 001 | 99 | ||
| 003 | CDMR | ||
| 005 | 20130116135150.0 | ||
| 008 | 130130s2001||||||||||||||||||||||||||||d | ||
| 040 |
_aCDMR _bcat _cCPC GIRONA |
||
| 100 | 1 |
_aGraells, Jordi _996 |
|
| 245 | 1 | 0 |
_aAdministració, societat, llengua i Internet _bConèixer els serveis i recursos actuals d'Internet a partir d'un estudi sobre la presència de la llengua catalana a la Xarxa _cGraells, Jordi , Vives, Núria |
| 260 |
_c2001 _bGeneralitat de Catalunya |
||
| 942 | _cMON | ||
| 999 |
_c99 _d99 |
||